Seeding solutions
Bewaard in:
| Coauteur: | |
|---|---|
| Formaat: | Boek |
| Taal: | Engels |
| Gepubliceerd in: |
Ottawa
International Development Research Centre
2001
|
| Onderwerpen: | |
| Tags: |
Voeg label toe
Geen labels, Wees de eerste die dit record labelt!
|
MARC
| LEADER | 00000nam a2200000 a 4500 | ||
|---|---|---|---|
| 001 | UCM7831 | ||
| 003 | CL-VaPUC | ||
| 008 | 030110e20010000CN |||||||||||||||||eng|d | ||
| 082 | 0 | 4 | |a 333.9534 |b CRU |2 21 |
| 110 | 2 | |a Crucible II Group |e author |9 473471 | |
| 245 | 1 | 0 | |a Seeding solutions |
| 300 | |a v | ||
| 942 | |c BK | ||
| 945 | |d 20030110 00:00:00 |a cmena | ||
| 260 | |a Ottawa |b International Development Research Centre |c 2001 | ||
| 500 | |a v.2: Options for national laws governing control over genetic resources and biological innovations | ||
| 650 | 0 | |a Recursos genéticos |9 393131 | |
| 650 | 7 | |a GERMOPLASMA |2 CL-VaPUC |9 418787 | |
| 650 | 0 | |a Variedades vegetales |9 405774 | |
| 650 | 7 | |a DIVERSIDAD BIOLOGICA |2 CL-VaPUC |9 327372 | |
| 583 | |a last modification |c 20030110 00:00:00 |k Rodrigo Vera | ||
| 999 | |c 302492 |d 302490 | ||
| 952 | |0 0 |1 0 |4 0 |6 333_953400000000000_CRU_2001 |7 0 |8 A |9 363108 |a BIBAGR |b BIBAGR |d 2019-11-21 |h v.2 |i 3819442 |o 333.9534 CRU 2001 |p 3819442 |r 2025-01-20 |w 2019-11-21 |y BK |k AGR | ||